000 00936nam a2200265Ia 4500
003 OSt
005 20221005112551.0
006 a|||||r|||| 00| 0
007 ta
008 221004b |||||||| |||| 00| 0 pan d
020 _a9789388119559 (hbk)
_cINR 300.00
024 _a44631
037 _b171, 15/02/2019, National Book Shop
_cTextual
040 _aCRL
_cCRL
_bpan
041 _2pan
_apan
082 _aO153,6, Q8
100 _aਸਿੰਘ, ਕਰਮਜੀਤ, ਂਚ.
245 0 _aਰਜਨੀF ਬੇਨਕਾਬ
260 _aਚੰਡੀਗੜਸ਼
_bਸਪਤਰਿFੀ ਪਬਲੀਕੇFਲਗ਼ ਭਾਰਤ
_c2018
300 _a183ਪ0
_ccm.
650 _a ਪੰਜਾਬੀ ਨਿਬੰਧ
650 _aਪੰਜਾਾਬੀ ਸਾਹਿਤ
942 _hO153,6, Q8
_cTEXL
_2cc
999 _c1025271
_d1025271